The story of post-modernism : (Record no. 22669)

MARC details
000 -LEADER
fixed length control field 01546cam a22002775a 4500
001 - CONTROL NUMBER
control field 015813456
003 - CONTROL NUMBER IDENTIFIER
control field EG-ScBUE
005 - DATE AND TIME OF LATEST TRANSACTION
control field 20221113025817.0
008 - FIXED-LENGTH DATA ELEMENTS--GENERAL INFORMATION
fixed length control field 110516s2011 enka f b 001 0 eng d
020 ## - INTERNATIONAL STANDARD BOOK NUMBER
International Standard Book Number 9780470688953 (pbk.)
020 ## - INTERNATIONAL STANDARD BOOK NUMBER
International Standard Book Number 0470688955 (pbk.)
040 ## - CATALOGING SOURCE
Original cataloging agency StDuBDS
Language of cataloging eng
Description conventions rda
Transcribing agency StDuBDS
Modifying agency Uk
-- EG-ScBUE
082 04 - DEWEY DECIMAL CLASSIFICATION NUMBER
Classification number 724.6
Item number JEN
Edition number 22
100 1# - MAIN ENTRY--PERSONAL NAME
Personal name Jencks, Charles,
Relator term author.
245 14 - TITLE STATEMENT
Title The story of post-modernism :
Remainder of title five decades of the ironic, iconic and critical in architecture /
Statement of responsibility, etc Charles Jencks.
264 #1 - PUBLICATION, DISTRIBUTION, ETC. (IMPRINT)
Place of publication, distribution, etc Chichester :
Name of publisher, distributor, etc John Wiley & Sons,
Date of publication, distribution, etc 2011.
300 ## - PHYSICAL DESCRIPTION
Extent 272 pages :
Other physical details illustrations (chiefly color) ;
Dimensions 26 cm
504 ## - BIBLIOGRAPHY, ETC. NOTE
Bibliography, etc Includes bibliographical references and index.<br/>
505 ## - FORMATTED CONTENTS NOTE
Formatted contents note Post-modernism resurgent? --<br/>The perfect storm of post-modernism --<br/>Searching for difference, finding commonality --<br/>Towards a critical modernism --<br/>Complexity and nature's ornament --<br/>The coming of the cosmic icons.
520 ## - SUMMARY, ETC.
Summary, etc In The story of post-modernism, Charles Jencks, the authority on post-modern architecture and culture, provides the defining account of post-modern architecture from its earliest roots in the early 60s to the present day. By breaking the narrative into seven distinct chapters, which are both chronological and overlapping, Jencks charts the ebb and flow of the movement, the peaks and troughs of different ideas and themes.
650 #7 - SUBJECT ADDED ENTRY--TOPICAL TERM
Topical term or geographic name as entry element Architecture, Postmodern.
Source of heading or term BUEsh
651 ## - SUBJECT ADDED ENTRY--GEOGRAPHIC NAME
Source of heading or term BUEsh
653 ## - INDEX TERM--UNCONTROLLED
Resource For college Engineering, Architecture
Arrived date list October2016
655 ## - INDEX TERM--GENRE/FORM
Form subdivision Reading book
9 (RLIN) 34232
942 ## - ADDED ENTRY ELEMENTS (KOHA)
Source of classification or shelving scheme Dewey Decimal Classification
Koha item type Book - Borrowing
Holdings
Withdrawn status Lost status Source of classification or shelving scheme Damaged status Not for loan Collection code Home library Current library Shelving location Date acquired Source of acquisition Cost, normal purchase price Serial Enumeration / chronology Total Checkouts Total Renewals Full call number Barcode Date last seen Date checked out Cost, replacement price Price effective from Koha item type
    Dewey Decimal Classification     Academic Bookshop Central Library Central Library Second Floor 17/10/2016 Purchase 378.00 9122 3 1 724.6 JEN 000034158 15/07/2025 23/11/2020 472.50 17/10/2016 Book - Borrowing